000 00481nam a22001577a 4500
005 20251108165924.0
008 250721s1994 xx 000 0 ara d
082 1 4 _aق/ضمر
100 1 _aضمره، نازك خالد
245 1 0 _aلوحة و جدار :
_bقصص قصيرة /
264 1 _aعمان :
_bدار ارام للدراسات و النشر و التوزيع،
_c1994.
300 _a229ص.
650 1 7 _aالأدب القصصي
942 _2ddc
_cBK
999 _c34879
_d34879